[Event "28th European Club Cup"]
[Site "Eilat ISR"]
[Date "2012.10.15"]
[Round "5.7"]
[White "Palac, Mladen"]
[Black "Arnaudov, G. Petar"]
[Result "1/2-1/2"]
[WhiteTitle "GM"]
[BlackTitle "IM"]
[WhiteElo "2600"]
[BlackElo "2471"]
[WhiteTeam "Siroki Brijeg"]
[BlackTeam "Gambit Aseko-See"]
[WhiteFideId "14500116"]
[BlackFideId "2907127"]
[EventDate "2012.10.11"]
[EventType "team-swiss"]

1. e4 e5 2. Nf3 Nc6 3. Bb5 f5 4. d3 fxe4 5. dxe4 Nf6 6. O-O Bc5 7. Qd3 Nd4 8.
Nxd4 Bxd4 9. c3 Bb6 10. Be3 Bxe3 11. Qxe3 Qe7 12. Nd2 O-O 13. Bc4+ Kh8 14. f3 d6
15. a4 a5 16. Rf2 Nd7 17. Nf1 Nc5 18. Qe2 Bd7 19. b3 Be6 20. Rb1 Bxc4 21. Qxc4
Qf7 22. Qxf7 Rxf7 23. Ne3 g6 24. Rd2 Kg7 25. Ng4 Rf4 26. Nf2 Rf7 27. Nd3 Nxd3
28. Rxd3 g5 29. g4 h5 30. gxh5 Kh6 31. Kg2 Kxh5 32. Kg3 Rf4 33. h3 Kg6 34. Rb2
Kf6 35. Rd5 b6 36. c4 Rh4 37. Rf2 Rah8 38. Rh2 Ke6 39. Rh1 R8h6 40. Rh2 Rh8 41.
Rh1 1/2-1/2

[Event "28th European Club Cup"]
[Site "Eilat ISR"]
[Date "2012.10.15"]
[Round "5.7"]
[White "Mitkov, Marjan"]
[Black "Brkic, Ante"]
[Result "0-1"]
[WhiteTitle "IM"]
[BlackTitle "GM"]
[WhiteElo "2331"]
[BlackElo "2575"]
[WhiteTeam "Gambit Aseko-See"]
[BlackTeam "Siroki Brijeg"]
[WhiteFideId "15000354"]
[BlackFideId "14506688"]
[EventDate "2012.10.11"]
[EventType "team-swiss"]

1. d4 Nf6 2. c4 e6 3. Nc3 Bb4 4. e3 O-O 5. Ne2 d5 6. a3 Be7 7. cxd5 exd5 8. g3
a5 9. Bg2 Na6 10. O-O Re8 11. h3 c6 12. b3 Bd6 13. Ra2 Nc7 14. Nf4 Ne6 15. Nxe6
Bxe6 16. g4 Ne4 17. Nxe4 dxe4 18. Bxe4 a4 19. d5 cxd5 20. Bg2 axb3 21. Rd2 Qb6
22. Bxd5 Bxd5 23. Rxd5 Bxa3 24. Bxa3 Rxa3 25. Qd3 Qf6 26. Rb1 Qf3 27. Rd8 Ra8
28. Rxe8+ Rxe8 29. Rxb3 Qxh3 30. Qd7 Ra8 31. Ra3 Rf8 32. Ra4 Qf3 33. Rb4 Ra8 34.
Ra4 b6 35. e4 Rb8 36. Ra7 g6 37. e5 Qb3 38. Kh2 Qe6 39. Qxe6 fxe6 40. Re7 b5 41.
Rxe6 b4 42. Rd6 b3 43. Rd1 b2 44. Rb1 g5 45. Kg3 Kf7 0-1

[Event "28th European Club Cup"]
[Site "Eilat ISR"]
[Date "2012.10.15"]
[Round "5.7"]
[White "Kurajica, Bojan"]
[Black "Dancevski, Orce"]
[Result "0-1"]
[WhiteTitle "GM"]
[BlackTitle "IM"]
[WhiteElo "2558"]
[BlackElo "2389"]
[WhiteTeam "Siroki Brijeg"]
[BlackTeam "Gambit Aseko-See"]
[WhiteFideId "14400057"]
[BlackFideId "15000311"]
[EventDate "2012.10.11"]
[EventType "team-swiss"]

1. Nf3 Nf6 2. d4 d5 3. c4 e6 4. g3 dxc4 5. Qa4+ Nbd7 6. Bg2 a6 7. Nc3 Rb8 8.
Qxc4 b5 9. Qd3 Bb7 10. O-O c5 11. Bf4 Rc8 12. dxc5 Bxc5 13. Ng5 Bxg2 14. Kxg2
Qb6 15. Rad1 h6 16. Nf3 O-O 17. e4 Rfd8 18. Qe2 Bb4 19. Bd2 Nc5 20. e5 Bxc3 21.
Bxc3 Nd5 22. Bd4 Qb7 23. Kg1 Na4 24. Rd2 Rd7 25. Rfd1 Rdc7 26. Ne1 Rc1 27. f4
Rxd1 28. Qxd1 g6 29. Nd3 Rc4 30. Bf2 Qc8 31. Qf3 Rc2 32. Qe2 Rc4 33. h3 Kg7 34.
Kh2 h5 35. Qe1 Rc2 36. Qd1 Rc4 37. Qe1 Rc2 38. Kg1 Qc4 39. f5 exf5 40. b3 Qc3
41. Rxc2 Qxc2 42. e6 Qxd3 43. e7 Nxe7 44. Qe5+ Kg8 45. Bd4 Qb1+ 46. Kh2 Qxa2+
47. Kg1 Qb1+ 48. Kh2 Qc2+ 49. Kg1 Kf8 50. bxa4 Ke8 51. Bc5 Qb1+ 52. Kh2 Qa2+ 53.
Kg1 Qe6 54. Qb8+ Qc8 55. Qe5 Qb7 56. a5 b4 57. Bxe7 Qxe7 58. Qb8+ Qd8 59. Qe5+
Qe7 60. Qb8+ Kd7 61. Qb7+ Ke6 62. Qxa6+ Qd6 63. Qc4+ Kf6 64. Kf2 Kg7 65. a6 Qb6+
66. Ke2 b3 67. a7 Qxa7 68. Qxb3 Qd4 69. Kf3 h4 70. gxh4 Qxh4 71. Qc3+ Kh7 72.
Kg2 f4 73. Qb3 Qg3+ 74. Qxg3 fxg3 75. Kxg3 Kh6 76. Kg4 f6 77. h4 f5+ 78. Kf3 Kh5
79. Kg3 f4+ 80. Kh3 f3 81. Kg3 f2 82. Kxf2 Kxh4 0-1

[Event "28th European Club Cup"]
[Site "Eilat ISR"]
[Date "2012.10.15"]
[Round "5.7"]
[White "Stojcevski, Zoran"]
[Black "Dizdarevic, Emir"]
[Result "0-1"]
[WhiteTitle "FM"]
[BlackTitle "GM"]
[WhiteElo "2325"]
[BlackElo "2491"]
[WhiteTeam "Gambit Aseko-See"]
[BlackTeam "Siroki Brijeg"]
[WhiteFideId "15000192"]
[BlackFideId "14400049"]
[EventDate "2012.10.11"]
[EventType "team-swiss"]

1. e4 c6 2. d4 d5 3. e5 c5 4. dxc5 e6 5. Be3 Ne7 6. c3 Nd7 7. b4 Nxe5 8. f4 Nf5
9. Bf2 Ng6 10. g3 e5 11. fxe5 Nxe5 12. Nf3 Nc6 13. g4 Nh6 14. h3 Be7 15. Qd2 Ng8
16. Qf4 Nf6 17. Nbd2 O-O 18. Bd3 d4 19. Nxd4 Nd5 20. Qf3 Nxd4 21. cxd4 Nxb4 22.
Be4 Bf6 23. Rb1 Nc6 24. d5 Ne5 25. Qe2 Qa5 26. O-O b6 27. c6 Ba6 28. Qe3 Bxf1
29. Rxf1 Rad8 30. Nf3 Rxd5 31. Bxd5 Qxd5 32. Nxe5 Bxe5 33. Rc1 Rc8 34. Qb3 Qd2
35. Rc4 h6 36. a4 Bc7 37. Qf3 Rd8 38. Kg2 Rd3 39. Qe4 Rg3+ 40. Kf1 Rxh3 41. Qe8+
Kh7 42. Qe4+ g6 43. Rd4 Qc1+ 44. Be1 Re3 45. Rd1 Qc5 46. Qd5 Qxd5 47. Rxd5 Re6
48. Rd7 Rxc6 49. Rxf7+ Kg8 50. Rd7 Kf8 51. Kg2 Ke8 52. Rh7 g5 53. Kf3 a5 54. Bd2
Bf4 55. Be1 Kd8 56. Bf2 Re6 57. Bd4 Kc8 58. Bf2 Bc7 59. Bg1 Rc6 60. Ke4 Rc4+ 61.
Bd4 Rxa4 62. Kd5 Ra2 63. Rxh6 Rd2 64. Rg6 Bd8 65. Ke4 b5 66. Be3 Re2 67. Kf3 Rb2
68. Bd4 Rc2 69. Ke4 b4 70. Kd3 Rg2 71. Rg8 Kd7 72. Kc4 Rxg4 73. Kd5 Rg2 74. Rg7+
Kc8 75. Kc6 Rc2+ 76. Bc5 b3 77. Ra7 Rxc5+ 78. Kxc5 b2 79. Ra8+ Kb7 0-1

[Event "28th European Club Cup"]
[Site "Eilat ISR"]
[Date "2012.10.15"]
[Round "5.7"]
[White "Bogut, Zeljko"]
[Black "Andonovski, Ljubisa"]
[Result "1/2-1/2"]
[WhiteTitle "IM"]
[BlackTitle "FM"]
[WhiteElo "2441"]
[BlackElo "2274"]
[WhiteTeam "Siroki Brijeg"]
[BlackTeam "Gambit Aseko-See"]
[WhiteFideId "14505207"]
[BlackFideId "15000427"]
[EventDate "2012.10.11"]
[EventType "team-swiss"]

1. e4 c6 2. c4 e5 3. Nf3 d6 4. d4 Nd7 5. Nc3 Ngf6 6. g3 g6 7. Bg2 Bg7 8. O-O O-O
9. h3 Qa5 10. Be3 exd4 11. Nxd4 Ne5 12. Qe2 Re8 13. f4 Ned7 14. a3 Qa6 15. Rfd1
Nc5 16. Nxc6 bxc6 17. e5 dxe5 18. Bxc5 exf4 19. Qf3 Qxc4 20. Bd4 Bb7 21. Qxf4
Re7 22. b3 Qe6 23. Re1 Qxe1+ 24. Rxe1 Rxe1+ 25. Kf2 Nh5 26. Qc7 Bxd4+ 27. Kxe1
Bxc3+ 28. Kd1 Nxg3 29. Qxb7 Rd8+ 30. Kc2 Ne2 31. b4 a5 32. bxa5 Bxa5 33. Bxc6
Rd2+ 34. Kb3 Nd4+ 35. Ka4 Nxc6 36. Qxc6 Bd8 37. Qc3 Rd6 38. Qe5 Ra6+ 39. Kb4 Bf6
40. Qb8+ Kg7 41. a4 Re6 42. a5 Re4+ 43. Kc5 Re5+ 44. Kb6 Re6+ 45. Kb7 Re5 46.
Qa8 Rh5 47. a6 Rxh3 48. a7 Bd4 49. Qb8 Bxa7 50. Qe5+ Kg8 51. Kxa7 Rh5 52. Qd4
Rf5 53. Kb7 Rf1 54. Qd2 h5 55. Kc7 Rf5 56. Qd4 Rf1 57. Qd2 Rf5 58. Qd8+ Kg7 59.
Qd4+ Kg8 60. Kd6 Rf1 61. Qc3 Rf2 62. Qe5 Rf5 63. Qa1 Rf2 64. Qe5 Rf5 65. Qb2 Rf1
66. Qc3 Rf2 67. Qe5 Rf5 1/2-1/2

[Event "28th European Club Cup"]
[Site "Eilat ISR"]
[Date "2012.10.15"]
[Round "5.7"]
[White "Dinev, Dejan"]
[Black "Dimitrijevic, Aleksandra"]
[Result "1-0"]
[WhiteTitle "FM"]
[BlackTitle "WFM"]
[WhiteElo "2348"]
[BlackElo "2270"]
[WhiteTeam "Gambit Aseko-See"]
[BlackTeam "Siroki Brijeg"]
[WhiteFideId "15000095"]
[BlackFideId "929239"]
[EventDate "2012.10.11"]
[EventType "team-swiss"]

1. e4 d6 2. d4 Nf6 3. Bd3 e5 4. Ne2 Be7 5. O-O O-O 6. c3 c5 7. Nd2 a6 8. a4 exd4
9. cxd4 cxd4 10. Nxd4 Nc6 11. Nxc6 bxc6 12. a5 Bg4 13. Qc2 c5 14. Nc4 Re8 15.
Nb6 Ra7 16. h3 Be6 17. Rd1 Qb8 18. Bf4 Bf8 19. Rab1 Ba2 20. Ra1 Be6 21. Rdb1 h6
22. b4 c4 23. Bf1 Qb7 24. Be3 Qc6 25. Nd5 Raa8 26. Qxc4 Bxd5 27. exd5 Qxd5 28.
Qxd5 Nxd5 29. Bd2 Nc7 30. Rc1 Ne6 31. Rc6 Nd4 32. Rxa6 Rxa6 33. Bxa6 Nb3 34. Ra2
d5 35. Bb5 Rb8 36. a6 Nxd2 37. a7 Ra8 38. Bc6 Rxa7 39. Rxa7 Bxb4 40. Bxd5 Bc3
41. Rxf7 Kh8 42. Rc7 Ba5 43. Ra7 Bc3 44. Rb7 Kh7 45. Rc7 Ba5 46. Rc6 Bb4 47. f3
Kh8 48. Kf2 Ba5 49. Ke2 Bb4 50. Rc2 1-0

[Event "28th European Club Cup"]
[Site "Eilat ISR"]
[Date "2012.10.15"]
[Round "5.8"]
[White "Pelletier, Yannick"]
[Black "Tan, Matthew"]
[Result "1/2-1/2"]
[WhiteTitle "GM"]
[BlackTitle "IM"]
[WhiteElo "2601"]
[BlackElo "2425"]
[WhiteTeam "Schachgesellschaft Zürich"]
[BlackTeam "Amay"]
[WhiteFideId "1301837"]
[BlackFideId "1011316"]
[EventDate "2012.10.11"]
[EventType "team-swiss"]

1. c4 e5 2. g3 Nf6 3. Bg2 Nc6 4. Nc3 Bb4 5. Nd5 Bc5 6. e3 O-O 7. Ne2 Re8 8. O-O
a5 9. Nec3 d6 10. Nb5 Nxd5 11. cxd5 Na7 12. Nc3 b5 13. d4 exd4 14. exd4 Bb6 15.
Be3 Qf6 16. a4 Bd7 17. b3 h6 18. Rc1 Re7 19. Ne4 Qg6 20. Nc5 Bf5 21. axb5 Nxb5
22. Na4 Rb8 23. Nxb6 Rxb6 24. Qd2 Be4 25. Qxa5 Bxg2 26. Kxg2 Qe4+ 27. Kg1 Rb8
28. Qb4 Qxd5 29. Rfd1 Qe4 30. Qd2 d5 31. Bxh6 gxh6 32. Re1 Qxd4 33. Qxh6 Rxe1+
34. Rxe1 Qg7 35. Qh5 Nd4 36. Qxd5 Qf6 37. Re4 Rd8 38. Qc5 Qf5 39. Qxf5 Nxf5 40.
Rc4 Rd7 41. b4 Nd4 42. f4 f5 43. Kf2 Ne6 44. Ke3 Rh7 45. g4 Rh3+ 46. Kd2 Rxh2+
47. Kc3 Rh3+ 48. Kc2 fxg4 49. f5 Ng7 50. Rxg4 Rf3 51. Rc4 Ne8 52. Rc5 Ra3 53. b5
Ra7 54. Kb3 Kf7 55. Kb4 Rb7 56. Ka5 Ke7 57. Rc6 Kd7 58. Ka6 Rb8 59. Rh6 Nd6 60.
Rh7+ Kd8 61. Rh8+ Ne8 62. Rh6 Nd6 63. Rh8+ Ne8 64. Rh6 Ra8+ 65. Kb7 Ra1 66. b6
Rb1 67. Ka6 Ra1+ 68. Kb5 Rb1+ 69. Kc5 Rc1+ 70. Kd5 Rd1+ 71. Ke5 Re1+ 72. Kd5
Rd1+ 73. Ke5 Re1+ 74. Kd5 cxb6 75. Rxb6 Ke7 76. Re6+ 1/2-1/2

[Event "28th European Club Cup"]
[Site "Eilat ISR"]
[Date "2012.10.15"]
[Round "5.8"]
[White "Broekmeulen, Jasper"]
[Black "Brunner, Lucas"]
[Result "1/2-1/2"]
[WhiteTitle "FM"]
[BlackTitle "GM"]
[WhiteElo "2410"]
[BlackElo "2448"]
[WhiteTeam "Amay"]
[BlackTeam "Schachgesellschaft Zürich"]
[WhiteFideId "1013440"]
[BlackFideId "1300024"]
[EventDate "2012.10.11"]
[EventType "team-swiss"]

1. e4 c5 2. Nf3 Nc6 3. Nc3 g6 4. Bb5 Bg7 5. Bxc6 bxc6 6. e5 f6 7. exf6 Nxf6 8.
O-O O-O 9. Qe2 Kh8 10. Re1 e6 11. d3 d6 12. Ne4 Nd5 13. Bg5 Qc7 14. Qd2 e5 15.
Bh6 Bg4 16. Bxg7+ Kxg7 17. Nfg5 Rae8 18. Ng3 Nf4 19. f3 Bc8 20. N5e4 Qe7 21. Ne2
Ne6 22. a3 d5 23. Nf2 Ng5 24. Qc3 Nxf3+ 25. gxf3 Rxf3 26. Ng3 h5 27. Rf1 h4 28.
Nge4 dxe4 29. Nxe4 Rxf1+ 30. Rxf1 Bf5 31. Qxc5 Bxe4 32. Qxe7+ Rxe7 33. dxe4 Rd7
34. Kg2 Rd2+ 35. Rf2 Rd1 36. Kh3 Re1 37. Kxh4 Rxe4+ 38. Kg3 Rd4 39. b3 c5 40.
Kf3 Kf6 41. c3 Rd8 42. Ke4+ Ke6 43. Rg2 Kf6 44. Rg3 Rb8 45. b4 cxb4 46. axb4 a5
47. bxa5 Ra8 48. Rf3+ Ke6 49. Rg3 Kf6 50. Rd3 Rxa5 51. Rd6+ Kg5 52. Re6 Ra4+ 53.
Kd5 Ra5+ 54. Ke4 Ra4+ 55. Kxe5 Rc4 56. h4+ Kh5 57. Kf6 Rxc3 58. Re5+ Kh6 59. Rg5
Rc6+ 60. Kf7 Ra6 61. Rg4 Rb6 62. Rg5 Ra6 63. Rg4 1/2-1/2

[Event "28th European Club Cup"]
[Site "Eilat ISR"]
[Date "2012.10.15"]
[Round "5.8"]
[White "Vogt, Lothar"]
[Black "Memeti, Kastriot"]
[Result "1-0"]
[WhiteTitle "GM"]
[WhiteElo "2397"]
[BlackElo "2189"]
[WhiteTeam "Schachgesellschaft Zürich"]
[BlackTeam "Amay"]
[WhiteFideId "4611292"]
[BlackFideId "204390"]
[EventDate "2012.10.11"]
[EventType "team-swiss"]

1. e4 e6 2. d4 d5 3. Nc3 Nf6 4. Bg5 Bb4 5. e5 h6 6. Bd2 Bxc3 7. bxc3 Ne4 8. Qg4
Kf8 9. Qf4 c5 10. Bd3 Nxd2 11. Qxd2 c4 12. Be2 Qa5 13. f4 Nd7 14. Bf3 Nb6 15.
Ne2 Bd7 16. O-O Ke7 17. g4 g6 18. Rab1 Raf8 19. Ng3 Kd8 20. Bg2 h5 21. gxh5 gxh5
22. Bh3 h4 23. Ne2 f5 24. exf6 Rxf6 25. Kh1 Qa3 26. Rg1 Qe7 27. Rg5 Qh7 28. Rbg1
Nc8 29. Rg7 Qe4+ 30. Bg2 Qf5 31. Bf3 Rf7 32. R1g5 Qf6 33. R7g6 Qe7 34. Qe3 Rhf8
35. Qe5 Rf5 36. Rxf5 Rxf5 37. Qb8 Be8 38. Rg8 Qf7 39. Rh8 Qe7 40. Bg4 Rf6 41. h3
Rf7 42. Qe5 Rf6 43. Rxh4 Nd6 44. Rh8 Kd7 45. Qxd5 Bg6 46. Qe5 Bxc2 47. d5 Nf5
48. dxe6+ Qxe6 49. Rh7+ Kc6 50. Bf3+ Kb6 51. Rxb7+ 1-0

[Event "28th European Club Cup"]
[Site "Eilat ISR"]
[Date "2012.10.15"]
[Round "5.8"]
[White "Noiroux, Kevin"]
[Black "Goldstern, Filip"]
[Result "1-0"]
[BlackTitle "FM"]
[WhiteElo "2176"]
[BlackElo "2334"]
[WhiteTeam "Amay"]
[BlackTeam "Schachgesellschaft Zürich"]
[WhiteFideId "204234"]
[BlackFideId "1000730"]
[EventDate "2012.10.11"]
[EventType "team-swiss"]

1. d4 Nf6 2. Nf3 e6 3. Bf4 c5 4. c3 b6 5. e3 Bb7 6. Bd3 Be7 7. h3 O-O 8. O-O d6
9. Bh2 Nbd7 10. Nbd2 a6 11. e4 d5 12. e5 Ne8 13. Qe2 Nc7 14. Qe3 Bc6 15. Rfe1
Bb5 16. Bc2 Re8 17. Qf4 Nf8 18. Bg3 Qd7 19. h4 Ba4 20. b3 Bc6 21. Re3 Bd8 22. h5
h6 23. Qg4 Kh8 24. Bf4 Nh7 25. Rae1 Rg8 26. Nh2 cxd4 27. cxd4 Nb5 28. Rg3 Be7
29. Be3 Na3 30. Bxh7 Kxh7 31. Rf3 Bb4 32. Rc1 Bb5 33. Qf4 Rgc8 34. Rxc8 Rxc8 35.
Ng4 Bf8 36. Rg3 Kh8 37. Nf6 1-0

[Event "28th European Club Cup"]
[Site "Eilat ISR"]
[Date "2012.10.15"]
[Round "5.8"]
[White "Friedrich, Norbert"]
[Black "Block, Wolfgang"]
[Result "1-0"]
[WhiteTitle "FM"]
[WhiteElo "2302"]
[BlackElo "2101"]
[WhiteTeam "Schachgesellschaft Zürich"]
[BlackTeam "Amay"]
[WhiteFideId "4602102"]
[BlackFideId "24665185"]
[EventDate "2012.10.11"]
[EventType "team-swiss"]

1. e4 c6 2. d4 d5 3. Nd2 dxe4 4. Nxe4 Bf5 5. Ng3 Bg6 6. N1e2 e6 7. h4 h6 8. Nf4
Bh7 9. Bc4 Nf6 10. c3 Nd5 11. Qe2 Qd6 12. Ne4 Bxe4 13. Qxe4 Nd7 14. Bd2 N7f6 15.
Qf3 O-O-O 16. Nd3 Qc7 17. O-O-O Bd6 18. Bb3 c5 19. dxc5 Bxc5 20. Nxc5 Qxc5 21.
Kb1 h5 22. Bg5 Rdf8 23. Rd4 Kb8 24. Rhd1 Ng4 25. Bxd5 exd5 26. Qg3+ Ka8 27. f3
Nf6 28. Bxf6 gxf6 29. Rxd5 Qc8 30. Qf4 Qe6 31. Rd6 Qe2 32. Qxf6 a6 33. R6d2 Qc4
34. Rd8+ Ka7 35. Rxf8 Rxf8 36. Qd4+ Qxd4 37. Rxd4 f5 38. Rf4 Rg8 39. Rxf5 Rxg2
40. Rxh5 Rf2 41. Rf5 Kb6 42. a4 Kc6 43. Ka2 1-0

[Event "28th European Club Cup"]
[Site "Eilat ISR"]
[Date "2012.10.15"]
[Round "5.9"]
[White "Bok, Benjamin"]
[Black "Palliser, Richard J D"]
[Result "0-1"]
[WhiteTitle "IM"]
[BlackTitle "IM"]
[WhiteElo "2530"]
[BlackElo "2458"]
[WhiteTeam "Eynatten"]
[BlackTeam "White Rose"]
[WhiteFideId "1017063"]
[BlackFideId "407372"]
[EventDate "2012.10.11"]
[EventType "team-swiss"]

1. e4 c5 2. Nf3 d6 3. d4 cxd4 4. Nxd4 Nf6 5. Nc3 a6 6. Be3 e5 7. Nf3 Be7 8. Bc4
O-O 9. O-O Qc7 10. Bb3 Be6 11. Nh4 g6 12. Qd2 Nc6 13. Bh6 Rfe8 14. Nf5 Bxf5 15.
exf5 Nd4 16. fxg6 hxg6 17. Bg5 Kg7 18. f4 Qc5 19. Kh1 e4 20. Na4 Nxb3 21. axb3
Qf5 22. Nb6 Rad8 23. c4 Rh8 24. Ra5 Qg4 25. Qc3 Qe2 26. Raa1 Qd3 27. Qxd3 exd3
28. Rf3 Ng4 29. Bxe7 Rxh2+ 30. Kg1 Rdh8 31. Rh3 R8xh3 32. gxh3 Rc2 33. f5 Nf2
34. Nd5 Nxh3+ 35. Kf1 Rf2+ 36. Ke1 d2+ 37. Kd1 Rf1+ 38. Kxd2 Rxa1 39. f6+ Kh6
40. Bxd6 Rf1 41. Be7 g5 42. b4 g4 43. Bd6 Rf3 44. Ne3 Kg5 45. Ke2 Nf4+ 0-1

[Event "28th European Club Cup"]
[Site "Eilat ISR"]
[Date "2012.10.15"]
[Round "5.9"]
[White "Van De Griendt, Jan Willem"]
[Black "Dambacher, Martijn"]
[Result "0-1"]
[WhiteTitle "FM"]
[BlackTitle "IM"]
[WhiteElo "2318"]
[BlackElo "2471"]
[WhiteTeam "White Rose"]
[BlackTeam "Eynatten"]
[WhiteFideId "1002112"]
[BlackFideId "1005030"]
[EventDate "2012.10.11"]
[EventType "team-swiss"]

1. d4 Nf6 2. c4 e6 3. Nf3 c5 4. d5 d6 5. Nc3 exd5 6. cxd5 g6 7. e4 a6 8. a4 Bg4
9. Qb3 Bxf3 10. Qxb7 Nbd7 11. gxf3 Bg7 12. Qc6 O-O 13. Qxd6 Nh5 14. f4 Re8 15.
Bh3 Bxc3+ 16. bxc3 Rxe4+ 17. Kf1 Qa5 18. Bd2 Nb6 19. Qc6 Rae8 20. d6 Nc4 21. Qd5
Rd4 22. cxd4 Nxd2+ 23. Kg1 Nxf4 24. d7 Rd8 25. Qxc5 Nxh3+ 26. Kg2 Nf4+ 27. Kg1
Nf3+ 28. Kf1 Qd2 0-1

[Event "28th European Club Cup"]
[Site "Eilat ISR"]
[Date "2012.10.15"]
[Round "5.9"]
[White "Swinkels, Robin"]
[Black "Townsend, M Paul"]
[Result "1-0"]
[WhiteTitle "GM"]
[WhiteElo "2494"]
[BlackElo "2240"]
[WhiteTeam "Eynatten"]
[BlackTeam "White Rose"]
[WhiteFideId "1010824"]
[BlackFideId "402320"]
[EventDate "2012.10.11"]
[EventType "team-swiss"]

1. c4 e6 2. g3 Nf6 3. Bg2 d5 4. Nf3 Be7 5. d4 O-O 6. O-O Nbd7 7. Qc2 c6 8. Nbd2
b6 9. e4 Bb7 10. e5 Ne8 11. cxd5 cxd5 12. Re1 Ba6 13. Nf1 Rc8 14. Qb3 Bc4 15.
Qd1 a5 16. Ne3 Bb5 17. Bd2 Nc7 18. h4 Nb8 19. Rc1 Qd7 20. Ng5 h6 21. Nh3 Nc6 22.
Qg4 Bd3 23. Nf4 Bf5 24. Nxf5 exf5 25. Qd1 Nxd4 26. Bxa5 bxa5 27. Qxd4 Rfd8 28.
Qa7 Bb4 29. Red1 Qe7 30. a3 Ne6 31. Qxe7 Bxe7 32. Nxd5 Bf8 33. Rxc8 Rxc8 34. Bh3
g6 35. h5 Ng5 36. Kg2 Ne4 37. hxg6 Rc2 38. gxf7+ Kxf7 39. Rf1 Bc5 40. Bxf5 Rxf2+
41. Rxf2 Nxf2 42. e6+ 1-0

[Event "28th European Club Cup"]
[Site "Eilat ISR"]
[Date "2012.10.15"]
[Round "5.9"]
[White "Barrett, Stephen J"]
[Black "Koch, Thomas1"]
[Result "0-1"]
[BlackTitle "IM"]
[WhiteElo "2225"]
[BlackElo "2431"]
[WhiteTeam "White Rose"]
[BlackTeam "Eynatten"]
[WhiteFideId "408727"]
[BlackFideId "4600533"]
[EventDate "2012.10.11"]
[EventType "team-swiss"]

1. d4 Nf6 2. c4 e6 3. Nc3 Bb4 4. Qc2 O-O 5. a3 Bxc3+ 6. Qxc3 b6 7. Bg5 d5 8. e3
Bb7 9. Ne2 Nbd7 10. Qd3 Ba6 11. b3 c5 12. Nc3 Rc8 13. Nb5 Bxb5 14. cxb5 cxd4 15.
exd4 e5 16. Be2 exd4 17. O-O Nc5 18. Qh3 Nce4 19. Bxf6 Qxf6 20. Qd7 Rfd8 21.
Qxa7 Nd2 22. Rfd1 Nxb3 23. Rab1 Nc5 24. Bg4 Ra8 25. Qc7 Ne4 26. Rd3 Qxf2+ 27.
Kh1 Qa2 28. Rdb3 Nc3 29. Bh5 g6 30. Rf1 Rf8 31. Rb4 Rae8 32. Bf3 Qf2 33. Rxf2
Re1+ 0-1

[Event "28th European Club Cup"]
[Site "Eilat ISR"]
[Date "2012.10.15"]
[Round "5.9"]
[White "Kaufeld, Juergen"]
[Black "Gayson, Peter M"]
[Result "1-0"]
[WhiteTitle "FM"]
[WhiteElo "2326"]
[BlackElo "2207"]
[WhiteTeam "Eynatten"]
[BlackTeam "White Rose"]
[WhiteFideId "4648498"]
[BlackFideId "401838"]
[EventDate "2012.10.11"]
[EventType "team-swiss"]

1. d4 f5 2. g3 g6 3. Bg2 Bg7 4. Nf3 d6 5. O-O Nh6 6. c3 Nf7 7. Qb3 c6 8. Nbd2
Qb6 9. Qc2 O-O 10. e4 e5 11. dxe5 dxe5 12. b3 Be6 13. Ba3 Re8 14. Rfd1 Nd7 15.
Nc4 Qa6 16. Bb2 fxe4 17. Nfd2 Nf6 18. a4 c5 19. Nxe4 Nxe4 20. Bxe4 Rad8 21. h4
Bxc4 22. bxc4 Qxc4 23. Bxb7 e4 24. Bc6 Re7 25. Bb5 Qe6 26. Rxd8+ Nxd8 27. Qe2
Nf7 28. Rd1 Nd6 29. Bc6 Kh8 30. Qd2 Be5 31. Qh6 Qf6 32. Bc1 Rf7 33. Qe3 Nf5 34.
Qxc5 Rc7 35. Bg5 Qd6 36. Rxd6 Bxd6 37. Bf6+ Kg8 38. Qd5+ Kf8 39. g4 Rf7 40. Bg5 1-0

[Event "28th European Club Cup"]
[Site "Eilat ISR"]
[Date "2012.10.15"]
[Round "5.9"]
[White "O'driscoll, Kieran"]
[Black "Loo, Bernd"]
[Result "1-0"]
[WhiteElo "2113"]
[BlackElo "1915"]
[WhiteTeam "White Rose"]
[BlackTeam "Eynatten"]
[WhiteFideId "2501899"]
[BlackFideId "263303"]
[EventDate "2012.10.11"]
[EventType "team-swiss"]

1. d4 d5 2. c4 Nc6 3. Nf3 Bg4 4. cxd5 Bxf3 5. gxf3 Qxd5 6. e3 e5 7. Nc3 Bb4 8.
Bd2 Bxc3 9. bxc3 Qd6 10. Rb1 Rb8 11. Bg2 Nge7 12. O-O O-O 13. f4 exf4 14. e4 Ng6
15. Rb5 Nh4 16. Qg4 Nxg2 17. Kxg2 f5 18. Rxf5 Rxf5 19. Qxf5 Rf8 20. Qd5+ Qxd5
21. exd5 f3+ 22. Kg3 Ne7 23. c4 Nf5+ 24. Kxf3 Nxd4+ 25. Ke4 c5 26. Be3 Re8+ 27.
Kd3 b6 28. Bxd4 cxd4 29. Kxd4 Re2 30. Kd3 Rxa2 31. d6 Kf7 32. Re1 Ra3+ 33. Kd4
Ra2 34. Kd5 Ra5+ 35. Kc6 Rc5+ 36. Kb7 Rxc4 37. d7 Rd4 38. Kc7 Rc4+ 39. Kd6 Rd4+
40. Kc6 Rc4+ 41. Kd5 Rc2 42. Re8 Rxf2 43. d8=Q Rd2+ 44. Kc4 Rxd8 45. Rxd8 g5 46.
Kd4 h5 47. Ke4 Ke6 48. Ra8 h4 49. Rxa7 g4 50. Ra6 1-0

[Event "28th European Club Cup"]
[Site "Eilat ISR"]
[Date "2012.10.15"]
[Round "5.10"]
[White "Svetushkin, Dmitry"]
[Black "Zhigalko, Andrey"]
[Result "0-1"]
[BlackTitle "GM"]
[WhiteElo "2597"]
[BlackElo "2582"]
[WhiteTeam "Perfect"]
[BlackTeam "Vesnianka Gran"]
[WhiteFideId "13900463"]
[BlackFideId "13502247"]
[EventDate "2012.10.11"]
[EventType "team-swiss"]

1. e4 c5 2. Nf3 e6 3. d3 Nc6 4. g3 d5 5. Qe2 Nf6 6. Bg2 Be7 7. O-O O-O 8. e5 Nd7
9. c4 b5 10. cxb5 Na5 11. Nc3 a6 12. Bf4 axb5 13. Nxb5 Ba6 14. Nc3 Nc6 15. Rfd1
g5 16. Bc1 g4 17. Ne1 Ndxe5 18. Bh6 Re8 19. f4 gxf3 20. Nxf3 Bf6 21. Nxe5 Nxe5
22. Bf4 Ng6 23. Bh6 Rb8 24. Rac1 Qa5 25. Qc2 Ne5 26. h3 Bxd3 27. Rxd3 Rxb2 28.
Qd1 Nxd3 29. Qxd3 Qb4 30. Kh1 Qd4 31. Qa6 Qf2 0-1

[Event "28th European Club Cup"]
[Site "Eilat ISR"]
[Date "2012.10.15"]
[Round "5.10"]
[White "Teterev, Vitaly"]
[Black "Korsunsky, Yuri"]
[Result "1-0"]
[WhiteTitle "GM"]
[BlackTitle "IM"]
[WhiteElo "2529"]
[BlackElo "2419"]
[WhiteTeam "Vesnianka Gran"]
[BlackTeam "Perfect"]
[WhiteFideId "13501429"]
[BlackFideId "14102722"]
[EventDate "2012.10.11"]
[EventType "team-swiss"]

1. e4 d6 2. d4 Nf6 3. Nc3 g6 4. Nf3 Bg7 5. h3 O-O 6. Be3 a6 7. a4 b6 8. Bd3 Bb7
9. O-O Nbd7 10. Re1 e5 11. Qd2 exd4 12. Bxd4 Re8 13. Re2 c5 14. Bxf6 Nxf6 15.
Bc4 Nxe4 16. Rxe4 Rxe4 17. Nxe4 Bxe4 18. Bxf7+ Kxf7 19. Ng5+ Kg8 20. Nxe4 d5 21.
Rd1 d4 22. Qd3 Qd5 23. c4 Qc6 24. b3 Re8 25. Re1 Re7 26. Re2 Bf6 27. Kf1 Kg7 28.
Qf3 Be5 29. Qd3 Bf6 30. Nd2 Rxe2 31. Qxe2 Qd6 32. Qd3 Qf4 33. Ke2 h5 34. Ne4 a5
35. Nd2 Bg5 36. Nf3 Qc1 37. Ne5 Qb2+ 38. Kf3 Qc3 39. Ke4 Kf6 40. f4 Qe1+ 41. Kd5 1-0